| 000 | 00609nam a22002057a 4500 | ||
|---|---|---|---|
| 003 | OSt | ||
| 005 | 20251112125606.0 | ||
| 008 | 251112b |||||||| |||| 00| 0 eng d | ||
| 020 | _a9781482227932 | ||
| 040 | _cDDC | ||
| 082 | _a384.5 SIN 2023 | ||
| 100 |
_aSinha, Koushik; Ghosh, Sasthi C.; Sinha, Bhabani P. _919517 |
||
| 245 | _aWireless Networks and Mobile Computing | ||
| 260 | _aBoca Raton; CRC Press, 2023 | ||
| 300 | _axiii, 519p.; Ill: 23.5cm | ||
| 504 | _aBibliography & index included | ||
| 650 |
_aWireless communication _97838 |
||
| 650 |
_awireless networks _919518 |
||
| 942 |
_2ddc _cO_SHELF |
||
| 999 |
_c9591 _d9591 |
||